Audit na sovmestnych predprijatijach.
Audítorské služby pre spoločné podniky v Rusku. Absencia audítorských štandardov. Využívanie zahraničných skúseností v audítorstve. Štandardy zostavenia finančnej uzávierky. Mechanizmus uzavierania dohôd o uskutočnení auditingu.
Guardado en:
| Autor principal: | |
|---|---|
| Formato: | Capítulo de libro |
| Lenguaje: | ruso |
| Materias: | |
| Etiquetas: |
Sin Etiquetas, Sea el primero en etiquetar este registro!
|
MARC
| LEADER | 00000naa a2200000 4500 | ||
|---|---|---|---|
| 001 | r010095 | ||
| 005 | 20221208122541.7 | ||
| 041 | 0 | |a rus | |
| 044 | |a [SU] | ||
| 245 | 1 | 0 | |a Audit na sovmestnych predprijatijach. |c A.V. Žolobov |
| 520 | |a Audítorské služby pre spoločné podniky v Rusku. Absencia audítorských štandardov. Využívanie zahraničných skúseností v audítorstve. Štandardy zostavenia finančnej uzávierky. Mechanizmus uzavierania dohôd o uskutočnení auditingu. | ||
| 610 | 2 | 0 | |a audítori |
| 610 | 2 | 0 | |a audítorstvo |
| 610 | 2 | 0 | |a podnik spoločný |
| 610 | 2 | 0 | |a Rusko |
| 610 | 2 | 0 | |a uzávierka účtovná |
| 610 | 2 | 0 | |a služby pre podniky |
| 100 | 1 | |a Žolobov, A.V. | |